000 02459nam a2200301 a 4500
001 000022381
003 DO-SdBNP
005 20210824113332.0
007 000022381
008 101006s2007 dr c 000 0 spa d
020 _a9789945161021
040 _aBPMSU
_bspa
_cBPMSU
082 _a972.93053
_bP191s
245 0 4 _aLos Panfleteros de Santiago y su desafío a Trujillo /
_cselección y prólogo Edgar Valenzuela.
260 _aSanto Domingo :
_bCPEP,
_c2007.
300 _a172 p. :
_bil., retrs. ;
_c22 cm.
504 _aBibliografía: p. 169-170
505 0 _aPresentación -- Introducción -- EN EL INFIERNO DE LA -- El recuerdo de su voz -- Mi encarcelamiento -- El infierno tan temido y los panfleteros de Santiago -- La resistencia interna antes del 14 de junio de 1959 y Los Panfleteros de Santiago --Matanza de 24 jóvenes de Santiago en La 40 inicia etapa legal de la agrupación 14 de Junio -- Los Panfleteros de Santiago -- 1J4 De la apariencia a la esencia y Los Panfleteros de Santiago -- Los Panfleteros de Santiago -- Los Panfleteros -- Las Visitas de la tía muerta -- ORÍGENES DE LA CONSPIRACIÓN -- Santiago a finales de los años 50 -- Wenceslao Guillén (Wen) -- Wen Guillén y Los Panfleteros de Santiago -- Wenceslao Guillén, el Encuentro -- Wenceslao Guillén, Sus Comienzo -- Los Panfleteros de Santiago -- Los Panfleteros de Santiago -- Entrevista a Marcelo Bermúdez -- Por Manuel Bueno y su salud -- Manuel Bueno (1 de 2) -- Manuel Bueno (2 de 2) -- Hasta siempre, Manuel Bueno -- El anonimato de Los Panfleteros -- EN TORNO A LOS PANFLETEROS -- Una calle para Wenceslao Guillén -- Respuesta a una calle para Wenceslao Guillén -- Una calle para Pedro Jaime Tineo Tejada -- Radhamés Gómez Pekín respalda iniciativa -- Un parque para Los Panfleteros de Santiago -- Respuesta a un parque Los Panfleteros de Santiago -- Una tarja para Los Panfleteros de Santiago -- EPÍLOGO -- El analfabeto -- Datos biográficos de los autores -- Bibliografía -- Publicaciones de la Comisión Permanente de Efemérides Patrias 2004-2007.
650 4 _aACTIVIDADES CLANDESTINAS
650 4 _aVICTIMAS DE TORTURA
651 4 _aREPÚBLICA DOMINICANA
_xHISTORIA
_yERA DE TRUJILLO, 1930-1961
700 1 2 _aValenzuela, Edgar
710 2 _aComisión Permanente Efemérides Patria
910 _aValidado. Control de validad MFF
942 _2ddc
_cBK
945 _aInventariado / 2017 VM
956 _aVMATEO
_b10
_c20150805
_lBPMSU
_h00151
999 _c8063
_d8063